PROGRAMA DE DESARROLLO URBANO SUSTENTABLE DEL MUNICIPIO DE PUEBLA : (Registro nro. 49920)
[ vista simple ]
| 000 -LEADER | |
|---|---|
| fixed length control field | 00911nam a2200181 a 4500 |
| 001 - CONTROL NUMBER | |
| control field | 49920 |
| 005 - DATE AND TIME OF LATEST TRANSACTION | |
| control field | 20180714034807.0 |
| 008 - FIXED-LENGTH DATA ELEMENTS--GENERAL INFORMATION | |
| fixed length control field | 140415s2006 mx 000 0 spa d |
| 041 ## - LANGUAGE CODE | |
| Language code of text/sound track or separate title | spa |
| 082 ## - DEWEY DECIMAL CLASSIFICATION NUMBER | |
| Classification number | 711.372 |
| Item number | PRO |
| 245 00 - TITLE STATEMENT | |
| Title | PROGRAMA DE DESARROLLO URBANO SUSTENTABLE DEL MUNICIPIO DE PUEBLA : |
| Remainder of title | ANTEPROYETO |
| 250 ## - EDITION STATEMENT | |
| Edition statement | 1a ed. |
| 260 ## - PUBLICATION, DISTRIBUTION, ETC. | |
| Place of publication, distribution, etc. | MEXICO : |
| Name of publisher, distributor, etc. | HEROICA PUEBLA DE ZARAGOZA, |
| Date of publication, distribution, etc. | 2006 |
| 300 ## - PHYSICAL DESCRIPTION | |
| Extent | |
| Dimensions | 26.6 x 0.4 x 39.2 |
| 500 ## - GENERAL NOTE | |
| General note | COLECCIÓN PUEBLA |
| 520 ## - SUMMARY, ETC. | |
| Summary, etc. | PUEBLA ES UN MUNICIPIO QUE CUENTA CON GRANDES RECURSOS Y POTENCIALIDADES EN SU CAPACIDAD PRODUCTIVA Y COMPETITIVA LAS QUE CONSTITUYEN A LA VEZ OPORTUNIDADES DE UN DESARROLLO SOLIDO. A LO LARGO DE MAS DE 546 KILOMETROS CUADRADOS DE SUPERFICIE, CERCA DE MILLON Y MEDIO DE PERSONAS (INEGI 2005)DESARROLLAN INFINIDAD DE ACTIVIDADES ECONOMICAS, POLITICAS, SOCIALES Y CULTURALES |
| 650 14 - SUBJECT ADDED ENTRY--TOPICAL TERM | |
| Topical term or geographic name entry element | PLANIFICACION REGIONAL |
| General subdivision | PUEBLA |
| Withdrawn status | Lost status | Source of classification or shelving scheme | Damaged status | Not for loan | Collection code | Home library | Current library | Shelving location | Date acquired | Source of acquisition | Inventory number | Total Checkouts | Full call number | Barcode | Date last seen | Price effective from | Koha item type |
|---|---|---|---|---|---|---|---|---|---|---|---|---|---|---|---|---|---|
| Dewey Decimal Classification | Consulta en sala | Puebla | Biblioteca Karol Wojtyla | Biblioteca Karol Wojtyla | Área de silencio | 03/12/2013 | Compra | 151000000000000000073436 | 711.372 PRO | 74570 | 05/01/2026 | 03/12/2013 | Folio |